000 00444nam a2200157 a 4500
001 000016440
005 20200929164921.0
008 100305s1935 dr 000 0 spa d
040 _aDO-SdBNP
082 _axxx
_bC796l
100 1 _aCordoba, P. Gonzalo de
_936642
245 1 0 _aLLuvia de pétalos /
_cP. Gonzalo de Cordoba.
260 _aSanto Domingo :
_bTip. Franciscana.- Las Mercedes,
_c1935.
300 _a93 p. ;
_c21 cm.
049 _aBNPD
999 _c15975
_d15975